01442nam a2200313Ia 4500001001200000003000800012006001900020007001500039008004100054020001800095040002100113035002100134050002400155082001800179245017100197260006700368300003000435490010100465500002800566504005100594533015200645650003500797650003800832655002900870700001800899710006800917710001700985856012601002ebr10309216CaPaEBRm u cr cn|||||||||090616s2009 ne ab sb 101 0 eng d z9781586039486 aCaPaEBRcCaPaEBR a(OCoLC)42715897714aGB5014b.O68 2009eb04a363.3452522200aOptimisation of disaster forecasting and prevention measures in the context of human and social dynamicsh[electronic resource] /cedited by Ion Apostol ... [et al.]. aAmsterdam :bIOS ;aLancaster :bGazelle (distributor),c2009. aix, 301 p. :bill., maps.0 aNATO science for peace and secdurity. Series E, Human and societal dynamics,x1874-6276 ;vv. 52 aConference proceedings. aIncludes bibliographical references and index. aElectronic reproduction.bPalo Alto, Calif. :cebrary,d2009.nAvailable via World Wide Web.nAccess may be limited to ebrary affiliated libraries. 0aHazard mitigationvCongresses. 0aEmergency managementvCongresses. 7aElectronic books.2local1 aApostol, Ion.2 aNorth Atlantic Treaty Organization.bPublic Diplomacy Division.2 aebrary, Inc.40uhttp://site.ebrary.com/lib/rucke/Doc?id=10309216zAn electronic book accessible through the World Wide Web; click to view